| 000 | 00546nam a22001937a 4500 | ||
|---|---|---|---|
| 003 | KOHA_MİRAKIL | ||
| 005 | 20251223103522.0 | ||
| 008 | 251223b tu ||||| |||| 00| 0 tur d | ||
| 020 | _a9786051969213 | ||
| 040 |
_aTR-AnABB _btur _cTR-AnABB |
||
| 041 | _atur | ||
| 082 |
_a306.09561 _bTUR 2022 |
||
| 100 | 1 | _aGüçlü, Sevinç, | |
| 245 | 1 | 0 |
_aTürkiye'nin toplumsal yapısı / _cSevinç Güçlü |
| 260 |
_aİstanbul : _bÇizgi Yayınevi, _c2022 |
||
| 300 |
_a480 sayfa ; _c20 cm |
||
| 650 | 0 | 4 | _aToplumsal yapı |
| 942 |
_2ddc _cBK |
||
| 999 |
_c9900 _d9900 |
||
| 900 | _bGizem YORULMAZ | ||